00391nam a2200157Ia 45000010006000000050017000060080041000230410008000640820017000721000033000892450059001222600009001813000027001906500008002176540008002251850620260306171635.0260306s9999||||xx |||||||||||||| ||und|| aESP a658.406bP43 aPeris García, RobertoeAUT 0aMIMSA:bla gestión del cambio de un equipo comercial c2016 a38 páginas :c30 cm. aGEN aCAN